000 00661nam a2200193 4500
001 118625
003 ES-MaACL
005 20230906191135.0
007 t|
008 070214s1926 sp r ||||1| spa d
100 1 _aPérez de Barradas, José.
_990766
245 1 0 _aEstudios sobre el terreno cuaternario del Valle del Manzanares, (Madrid) /
_cpor José Pérez de Barradas.
260 _aMadrid :
_bImprenta Municipal,
_c1926.
300 _aVIII, 135 p. lám. I-LIV. 1 map. pleg. col. ;
_c28 cm.
500 _aPrecede al ti. : Ayuntamiento de Madrid.
710 1 _aMadrid.
_bAyuntamiento
_9234069
852 _aES-MaACL
_j1702-F-6
999 _c118625
_d118625